Statistiques concernant Races de chiens

Cliquez ici pour prendre le quiz!

Statistiques générales

  • Ce quiz a été pris 2 796 fois
  • Le résultat moyen est 16 sur 50

Statistiques - réponses

Réponse% Correct
Beagle
77%
Dalmatien
77%
Husky de Sibérie
77%
Berger allemand
73%
Labrador retriever
68%
Golden retriever
66%
Border collie
65%
Shiba
64%
Carlin
56%
Yorkshire terrier
52%
Cavalier King Charles Spaniel
49%
Bouledogue français
45%
Chihuahua
45%
Dobermann
44%
Chow-chow
43%
Fox-terrier à poil dur
42%
Welsh Corgi Pembroke
41%
Épagneul breton
39%
Basset hound
36%
Caniche
36%
Colley à poil long
36%
Cocker spaniel anglais
34%
Saint-Bernard
34%
Bull terrier
33%
Teckel à poil court
32%
American Staffordshire Terrier
30%
Terre-neuve
27%
Grand bouvier suisse
25%
Lévrier afghan
25%
Malamute de l'Alaska
25%
Pékinois
24%
Samoyède
23%
Shar Pei
23%
Bichon maltais
21%
Braque français des Pyrénées
21%
Spitz japonais
17%
Chien chinois à crête
16%
Dogue allemand
15%
Jack Russell terrier
14%
Berger des Shetland
12%
Setter anglais
11%
Setter irlandais rouge
9%
Terrier écossais
8%
Mastiff
7%
Shih tzu
7%
Airedale terrier
6%
Pointer anglais
6%
Barbet
1%
Berger des Pyrénées à poil long
1%
Chien de Saint-Hubert
1%

Distribution des résultats

Percentile par nombre de réponses

% des personnes avec chaque résultat

Votre développement - résultats

Vous n’avez pas pris ce quiz